Anuario Estadístico 2010 (Registro nro. 17624)

Detalles MARC
000 -CABECERA
Campo de control 00778nam a22002297a 4500
005 - FECHA Y HORA DE LA ULTIMA TRANSACCION
Campo de control 20200121064505.0
008 - ELEMENTOS DE LONGITUD FIJA—INFORMACION GENERAL
Campo de control 150730b2010 ck ||||| |||| |0| 0 spa d
020 ## - ISBN
ISBN 9789589712887
040 ## - FUENTE DE CATALOGACIÓN
Agencia catalogadora original CO-BoIAVH
Agencia transcriptora CO-BoIAVH
041 ## - IDIOMA
Código de idioma para texto/pista de sonido o título separado Español
044 ## - PAÍS DE PUBLICACIÓN
País de publicación Colombia
082 ## - NUMERO DE CLASIFICACION DECIMAL DEWEY
Número de clasificación 318.61
Número del ítem M66a2010
110 1# - ASIENTO PRINCIPAL--NOMBRE CORPORATIVO
Nombre corporativo o de jurisdicción como elemento de entrada Ministerio de Agricultura y Desarrollo Rural
245 10 - MENCION DE TITULO
Título Anuario Estadístico 2010
Parte restante del título del Sector Agropecuario
260 ## - PUBLICACION, DISTRIBUCION, ETC. (PIE DE IMPRENTA)
Lugar de publicación, distribución, etc. Colombia:
Nombre del editor, distribuidor, etc. Ministerio de agricultura y desarrollo rural,
Fecha de publicación, distribución, etc. 2010.
300 ## - DESCRIPCION FISICA
Extensión 259 páginas
Otros detalles físicos il, tablas, mapas,
Dimensiones 27.8 x 21.4 cm
650 #0 - ASIENTO SECUNDARIO DE MATERIA - TERMINO TEMATICO
Término temático o nombre geográfico como elemento de entrada Estadísticas agrícolas
Subdivisión general agrícolas
650 #0 - ASIENTO SECUNDARIO DE MATERIA - TERMINO TEMATICO
Término temático o nombre geográfico como elemento de entrada Anuario
Subdivisión general Estadístico
650 ## - ASIENTO SECUNDARIO DE MATERIA - TERMINO TEMATICO
Término temático o nombre geográfico como elemento de entrada Producción Agricola
650 #0 - ASIENTO SECUNDARIO DE MATERIA - TERMINO TEMATICO
Término temático o nombre geográfico como elemento de entrada Sector agropecuario
942 ## - ELEMENTOS ADICIONALES (KOHA)
Sistema de clasificación Dewey Decimal Classification
Tipo de ítem Libro
Existencias
Withdrawn status Lost status Sistema de Clasificación Damaged status No para préstamo Colección Fecha publicación (Año) Inventariado Ubicación Permanente Ubicación actual Fecha de adquisición Fuente de Valor Valor Total Checkouts Número topográfico Inventario / Código de Barras Date last seen Ejemplar Price effective from Forma de adquisición Tipo de material
    Dewey Decimal Classification     General 2010 Inventariado 2017 Bogotá Bogotá 30/07/2015 Instituto 39000.00   LB- 318.61 M66a2010 035145 30/07/2015 Ej. 1 30/07/2015 Donación Libro